World Capitals Starting With C (in 60 seconds with a map) - Statistics

General Stats
  • This quiz has been taken 86 times
  • The average score is 193 of 196
Answers on the Map
Answers color-coded by a green-red scale on the quiz's map according to % correct below.
 
Answer Stats
capital % Correct
xxxx
100%
Canberra
88%
Cape Town
84%
Copenhagen
82%
Caracas
61%
Cairo
59%
Chișinău
57%
Castries
55%
Conakry
52%
Colombo
30%
No matching quizzes found
Score Distribution
Percent of People with Each Score
Percentile by Number Answered
Your Score History
You have not taken this quiz